banner-ar

الحرب الباردة الثقافية : (Record no. 5475)

MARC details
000 -الفاتح
حقل البيانات ثابتة الطول 00973nam a2200217Ia 4500
005 - وقت وتاريخ اخر تعامل مع التسجيلة
رقم الضبط 20240530095243.0
008 - عناصر البيانات ثابتة الطول - معلومات عامة
حقل البيانات ثابتة الطول 140319s9999 xx 000 0 ara d
040 ## - مصدر الفهرسة
وكالة الفهرسة الأصلية GCL /
وكالة النسخ GCL
082 04 - رقم تصنيف ديوى العشرى
رقم التصنيف 327.0973
رقم المادة س ح
100 1# - المدخل الرئيسى - إسم شخصى
الإسم الشخصى سوندرز، ستونر فرانسيس
245 12 - بيان العنوان
العنوان الحرب الباردة الثقافية :
بقية العنوان المخابرات المركزية الامريكية وعالم الفنون والاداب /
بيان المسئوليه,etc فرانسيس ستونر سوندرز؛ ترجمة طلعت الشايب ؛ تقديم عاصم الدسوقى
260 ## - PUBLICATION, DISTRIBUTION, ETC. (IMPRINT)
تاريخ النشر أو التوزيع 2002
300 ## - الوصف المادى
التعداد 457ص. ؛
أبعاد الوعاء 24 سم
650 04 - المدخل الاضافى بالموضوع-مصطلح موضوعى
مصطلح موضوعي الولايات المتحدة الامريكية
650 04 - المدخل الاضافى بالموضوع-مصطلح موضوعى
مصطلح موضوعي الاعلام
650 04 - المدخل الاضافى بالموضوع-مصطلح موضوعى
مصطلح موضوعي المخابرات - الولايات المتحدة الامريكية
700 ## - المدخل الاضافى - اسم شخصى
رمز الرابط طلعت الشايب
الإسم الشخصى مترجم
700 ## - المدخل الاضافى - اسم شخصى
رمز الرابط عاصم الدسوقى
الإسم الشخصى مقدم
942 ## - عناصر المدخل الإضافي( كوها)
مصدر التصنيف او مخطط الترفيف Dewey Decimal Classification
Koha [default] item type كتاب
260 ## - PUBLICATION, DISTRIBUTION, ETC. (IMPRINT)
-- القاهرة :
-- المجلس الاعلى للثقافة ،
Holdings
حالة التراجع حالة الفقد حالة تلف ليس للاعارة المكان المؤقت الموقع الحالى تاريخ الاكتساب اجمالي اﻻعارات رقم الطلب الباركود تاريخ اخر مشاهدة تاريخ تفعيل السعر نوع وعاء كوها
        مكتبة القاهرة الكبرى مكتبة القاهرة الكبرى 03/26/2014   327.0973\ س ح 11759 03/26/2014 03/26/2014 كتاب

Powered By

EGPV